Boletín de análisis e información: Estados Unidos, Centroamérica /
Guardat en:
| Autor corporatiu: | |
|---|---|
| Format: | Llibre |
| Idioma: | Spanish |
| Publicat: |
México;
CINAS
1985-
|
| Matèries: | |
| Etiquetes: |
Afegir etiqueta
Sense etiquetes, Sigues el primer a etiquetar aquest registre!
|
MARC
| LEADER | 00000nam a22000007a 4500 | ||
|---|---|---|---|
| 003 | cru CIDCACS/IIS | ||
| 005 | 20211123062534.0 | ||
| 008 | 200429s1985 mx |||p|r||||||0| ||spa|d | ||
| 040 | |c cru CIDCACS/IIS | ||
| 090 | |a REV0084 | ||
| 110 | 2 | |a Centro de Investigación y Acción Social (CINAS) |9 9270 | |
| 245 | 1 | |a Boletín de análisis e información: |b Estados Unidos, Centroamérica / |c Centro de Investigación y Acción Social | |
| 260 | |a México; |b CINAS |c 1985- | ||
| 270 | |b México, D.F. |d México |e Apdo. 5-740 16500 | ||
| 500 | |a EXISTENCIAS : 1985 (1-6) 1986 (7-11) 1987 (12-19) 1988-1989 (20-28) 1990 (29-32) 1991 (33) Irregular | ||
| 500 | |a Colección Centroamérica | ||
| 650 | 4 | |9 3217 |a PROBLEMAS POLITICOS | |
| 650 | 0 | |a MOVIMIENTOS SOCIALES |9 3 | |
| 650 | 0 | |9 137 |a REVOLUCION | |
| 650 | 4 | |9 1921 |a INTERVENCION EXTRANJERA | |
| 650 | 0 | |9 70 |a FUERZAS ARMADAS | |
| 651 | 0 | |9 308 |a CENTROAMERICA | |
| 651 | 0 | |9 245 |a ESTADOS UNIDOS | |
| 942 | |2 ddc |c PP | ||
| 999 | |c 43112 |d 43112 | ||
